| 000 | 00376nam a2200133Ia 4500 | ||
|---|---|---|---|
| 005 | 20260328104304.0 | ||
| 008 | 260328s9999||||xx |||||||||||||| ||und|| | ||
| 100 | _aSpino, Nilson | ||
| 245 | 0 |
_aBuilding the inclusive City : _b Theory and Practice for confronting Urban segregation / _cNilson Spino |
|
| 250 | _a5a ed. | ||
| 300 | _a144 p. | ||
| 650 | _aURBANISMO | ||
| 942 | _cBK | ||
| 999 |
_c10706 _d10706 |
||